[Event "DEM U12 2018"]
[Site "Willingen GER"]
[Date "2018.05.26"]
[Round "11"]
[White "Eilenberg, Jonas"]
[Black "Garner, Isaac"]
[Result "1-0"]
[Termination "normal"]
[Board "5"]
[WhiteElo "1852"]
[BlackElo "1751"]
[WhiteClock "00:38:29"]
[BlackClock "00:02:36"]
[PlyCount "73"]
[WhiteFideId "16204271"]
[BlackFideId "16239261"]
[EventCountry "GER"]
[EventRounds "11"]
[EventType "swiss"]
[EventDate "2018.05.19"]

1. d4 {[%clk 1:15:57]} 1... Nf6 {[%clk 1:15:55]} 2. c4 {[%clk 1:16:21]} 2...
Nc6 {[%clk 1:16:21]} 3. Nc3 {[%clk 1:15:37]} 3... e5 {[%clk 1:16:45]} 4. d5 {
[%clk 1:15:00]} 4... Ne7 {[%clk 1:17:07]} 5. g3 {[%clk 1:12:47]} 5... Ng6 {
[%clk 1:14:53]} 6. Bg2 {[%clk 1:12:09]} 6... Bb4 {[%clk 1:11:20]} 7. Qc2 {
[%clk 1:11:02]} 7... O-O {[%clk 1:03:51]} 8. a3 {[%clk 1:08:48]} 8... Bxc3+ {
[%clk 1:04:06]} 9. Qxc3 {[%clk 1:09:04]} 9... d6 {[%clk 1:04:06]} 10. Qc2 {
[%clk 1:08:33]} 10... Ne8 {[%clk 1:01:00]} 11. Nf3 {[%clk 1:08:00]} 11... f5 {
[%clk 0:55:27]} 12. O-O {[%clk 1:07:52]} 12... Nf6 {[%clk 0:52:59]} 13. b4 {
[%clk 1:07:22]} 13... b5 {[%clk 0:51:12]} 14. Bg5 {[%clk 1:05:26]} 14... bxc4 {
[%clk 0:44:11]} 15. Qxc4 {[%clk 1:05:16]} 15... h6 {[%clk 0:43:26]} 16. Bxf6 {
[%clk 1:04:19]} 16... Rxf6 {[%clk 0:43:48]} 17. Rac1 {[%clk 1:03:31]} 17... Rf7
{[%clk 0:40:01]} 18. Nd2 {[%clk 1:01:47]} 18... Rb8 {[%clk 0:31:42]} 19. Nb3 {
[%clk 1:01:10]} 19... Bb7 {[%clk 0:26:20]} 20. Na5 {[%clk 1:00:24]} 20... Qc8 {
[%clk 0:23:14]} 21. b5 {[%clk 0:58:30]} 21... e4 {[%clk 0:19:59]} 22. f4 {
[%clk 0:56:48]} 22... exf3 {[%clk 0:18:08]} 23. exf3 {[%clk 0:57:00]} 23... f4
{[%clk 0:18:24]} 24. Qe4 {[%clk 0:54:02]} 24... Kh7 {[%clk 0:09:55]} 25. g4 {
[%clk 0:52:39]} 25... Re7 {[%clk 0:08:53]} 26. Qd3 {[%clk 0:52:40]} 26... Re3 {
[%clk 0:08:39]} 27. Qd4 {[%clk 0:52:26]} 27... Rxa3 {[%clk 0:07:54]} 28. Nc4 {
[%clk 0:52:50]} 28... Ra4 {[%clk 0:07:56]} 29. Qd1 {[%clk 0:52:38]} 29... Rb4 {
[%clk 0:07:31]} 30. Qd2 {[%clk 0:51:59]} 30... a5 {[%clk 0:06:20]} 31. Nxd6 {
[%clk 0:50:12]} 31... Qd7 {[%clk 0:06:16]} 32. Nf5 {[%clk 0:50:08]} 32... Rxb5
{[%clk 0:04:58]} 33. Qc2 {[%clk 0:45:41]} 33... Rxd5 {[%clk 0:04:50]} 34. h4 {
[%clk 0:43:22]} 34... Rd2 {[%clk 0:03:43]} 35. Qxc7 {[%clk 0:43:25]} 35... Ra8
36. h5 {[%clk 0:39:34]} 36... Nf8 {[%clk 0:02:36]} 37. Rfe1 {[%clk 0:38:29]}
1-0

[Event "DEM U12 2018"]
[Site "Willingen GER"]
[Date "2018.05.26"]
[Round "11"]
[White "May, Ben-Iven"]
[Black "Farokhi, Keyvan"]
[Result "0-1"]
[Termination "normal"]
[Board "6"]
[WhiteElo "1769"]
[BlackElo "1844"]
[WhiteClock "00:04:56"]
[BlackClock "00:12:21"]
[PlyCount "72"]
[WhiteFideId "16229673"]
[BlackFideId "12998630"]
[EventCountry "GER"]
[EventRounds "11"]
[EventType "swiss"]
[EventDate "2018.05.19"]

1. e4 {[%clk 1:15:57]} 1... e5 {[%clk 1:15:55]} 2. Nf3 {[%clk 1:16:11]} 2...
Nc6 {[%clk 1:16:07]} 3. Bb5 {[%clk 1:15:48]} 3... a6 {[%clk 1:16:09]} 4. Ba4 {
[%clk 1:15:45]} 4... d6 {[%clk 1:16:15]} 5. O-O {[%clk 1:15:38]} 5... g6 {
[%clk 1:15:12]} 6. Re1 {[%clk 1:14:46]} 6... Bg7 {[%clk 1:15:02]} 7. c3 { [%clk
1:14:21]} 7... h6 {[%clk 1:15:13]} 8. d3 {[%clk 1:12:56]} 8... Bd7 { [%clk
1:08:35]} 9. Nbd2 {[%clk 1:10:53]} 9... Nce7 {[%clk 1:07:36]} 10. Bb3 { [%clk
1:07:53]} 10... f5 {[%clk 1:06:11]} 11. exf5 {[%clk 1:05:54]} 11... Bxf5 {[%clk
1:03:03]} 12. d4 {[%clk 1:05:28]} 12... exd4 13. Nxd4 {[%clk 1:05:49]} 13...
Bxd4 {[%clk 1:03:05]} 14. cxd4 {[%clk 1:06:14]} 14... Qd7 {[%clk 1:03:11] } 15.
Nf1 {[%clk 1:05:07]} 15... O-O-O {[%clk 1:00:56]} 16. Ba4 {[%clk 1:02:04] }
16... c6 {[%clk 0:59:58]} 17. Ne3 {[%clk 0:56:48]} 17... Nf6 {[%clk 0:51:50]}
18. Bb3 {[%clk 0:52:11]} 18... d5 {[%clk 0:48:56]} 19. Bd2 {[%clk 0:48:33]}
19... Ne4 {[%clk 0:45:17]} 20. Ba5 {[%clk 0:44:11]} 20... Rdf8 {[%clk 0:45:11]}
21. f3 {[%clk 0:44:04]} 21... Nd6 {[%clk 0:45:00]} 22. Rc1 {[%clk 0:44:23]}
22... Kb8 {[%clk 0:42:43]} 23. a4 {[%clk 0:40:30]} 23... Be6 {[%clk 0:38:10]}
24. Ba2 {[%clk 0:34:04]} 24... Nec8 {[%clk 0:31:57]} 25. b4 {[%clk 0:23:43]}
25... b6 {[%clk 0:25:30]} 26. b5 {[%clk 0:23:22]} 26... axb5 {[%clk 0:25:47]}
27. axb5 {[%clk 0:23:21]} 27... Nxb5 {[%clk 0:26:05]} 28. Bb4 {[%clk 0:23:31]}
28... Rf4 {[%clk 0:26:16]} 29. Nc2 {[%clk 0:21:48]} 29... Bf5 {[%clk 0:26:18]}
30. Qe2 {[%clk 0:21:18]} 30... Qc7 {[%clk 0:13:52]} 31. g3 {[%clk 0:19:32]}
31... Bxc2 32. gxf4 {[%clk 0:13:08]} 32... Qxf4 {[%clk 0:12:19]} 33. Qe5+ {
[%clk 0:12:00]} 33... Qxe5 {[%clk 0:12:41]} 34. dxe5 {[%clk 0:12:22]} 34... Nd4
{[%clk 0:12:45]} 35. Kg2 {[%clk 0:11:21]} 35... Ba4 {[%clk 0:12:07]} 36. Bc3 {
[%clk 0:04:56]} 36... Ne6 {[%clk 0:12:21]} 0-1

[Event "DEM U12 2018"]
[Site "Willingen GER"]
[Date "2018.05.26"]
[Round "11"]
[White "Foerster-Yialamas, Lucas"]
[Black "Schulemann, Gero"]
[Result "1-0"]
[Termination "normal"]
[Board "8"]
[WhiteElo "1924"]
[BlackElo "1700"]
[WhiteClock "00:30:57"]
[BlackClock "00:35:13"]
[PlyCount "67"]
[WhiteFideId "30901774"]
[BlackFideId "16227646"]
[EventCountry "GER"]
[EventRounds "11"]
[EventType "swiss"]
[EventDate "2018.05.19"]

1. e4 {[%clk 1:15:55]} 1... c5 {[%clk 1:15:45]} 2. Nf3 {[%clk 1:16:21]} 2... e6
{[%clk 1:16:02]} 3. d4 {[%clk 1:16:27]} 3... cxd4 {[%clk 1:16:29]} 4. Nxd4 {
[%clk 1:16:50]} 4... a6 {[%clk 1:16:37]} 5. Nc3 {[%clk 1:17:03]} 5... Qc7 {
[%clk 1:17:00]} 6. a3 {[%clk 1:17:25]} 6... b5 {[%clk 1:14:50]} 7. Be3 { [%clk
1:16:26]} 7... b4 {[%clk 1:12:44]} 8. Na4 {[%clk 1:11:20]} 8... bxa3 { [%clk
1:07:24]} 9. bxa3 {[%clk 1:10:49]} 9... d6 {[%clk 1:04:33]} 10. Rb1 { [%clk
1:09:39]} 10... Nd7 {[%clk 1:04:00]} 11. Be2 {[%clk 1:03:58]} 11... Ngf6 {[%clk
1:02:32]} 12. Bf3 {[%clk 1:02:52]} 12... Be7 {[%clk 0:59:07]} 13. O-O { [%clk
1:02:24]} 13... O-O {[%clk 0:51:20]} 14. e5 {[%clk 1:02:05]} 14... Nd5 { [%clk
0:48:53]} 15. Nxe6 {[%clk 1:02:03]} 15... fxe6 {[%clk 0:42:20]} 16. Bxd5 {[%clk
1:02:32]} 16... exd5 {[%clk 0:42:04]} 17. Qxd5+ {[%clk 1:03:01]} 17... Kh8
{[%clk 0:41:44]} 18. Qxa8 {[%clk 1:03:17]} 18... Nxe5 {[%clk 0:41:55]} 19. Qa7
{[%clk 1:00:04]} 19... Qd8 {[%clk 0:41:06]} 20. Nb6 {[%clk 0:50:23]} 20... Be6
{[%clk 0:39:01]} 21. Qxa6 {[%clk 0:49:44]} 21... Qe8 {[%clk 0:38:17]} 22. Qe2
{[%clk 0:49:26]} 22... Qg6 {[%clk 0:38:41]} 23. Kh1 {[%clk 0:48:49]} 23... Bd8
{[%clk 0:38:43]} 24. Rb4 {[%clk 0:46:44]} 24... Ng4 {[%clk 0:38:29]} 25. f3
{[%clk 0:42:49]} 25... Ne5 {[%clk 0:37:37]} 26. Bg1 {[%clk 0:40:41]} 26... Nf7
{[%clk 0:36:53]} 27. Re1 {[%clk 0:31:46]} 27... Ba2 {[%clk 0:34:16]} 28. c4 {
[%clk 0:31:14]} 28... Nh6 {[%clk 0:34:41]} 29. Qxa2 {[%clk 0:30:23]} 29... Nf5
{[%clk 0:35:05]} 30. Nd7 {[%clk 0:29:59]} 30... Ba5 {[%clk 0:34:56]} 31. Nxf8 {
[%clk 0:29:59]} 31... Qh6 {[%clk 0:34:48]} 32. Qf2 {[%clk 0:30:16]} 32... Bc7 {
[%clk 0:34:53]} 33. Re8 {[%clk 0:30:33]} 33... g6 {[%clk 0:35:13]} 34. Ne6+ {
[%clk 0:30:57]} 1-0

[Event "DEM U12 2018"]
[Site "Willingen GER"]
[Date "2018.05.26"]
[Round "11"]
[White "Phan Trong, Dai"]
[Black "Haack, Kevin"]
[Result "1/2-1/2"]
[Termination "normal"]
[Board "9"]
[WhiteElo "1579"]
[BlackElo "1846"]
[WhiteClock "00:13:11"]
[BlackClock "00:18:17"]
[PlyCount "67"]
[WhiteFideId "16236939"]
[BlackFideId "16228715"]
[EventCountry "GER"]
[EventRounds "11"]
[EventType "swiss"]
[EventDate "2018.05.19"]

1. c4 {[%clk 1:15:59]} 1... c5 {[%clk 1:15:56]} 2. Nc3 {[%clk 1:16:22]} 2...
Nc6 {[%clk 1:16:20]} 3. g3 {[%clk 1:16:46]} 3... g6 {[%clk 1:16:44]} 4. Bg2 {
[%clk 1:17:04]} 4... Bg7 {[%clk 1:17:08]} 5. e4 {[%clk 1:17:19]} 5... e6 {
[%clk 1:16:47]} 6. Nge2 {[%clk 1:17:25]} 6... d6 {[%clk 1:16:36]} 7. d3 { [%clk
1:17:29]} 7... Nge7 {[%clk 1:16:28]} 8. O-O {[%clk 1:16:58]} 8... O-O { [%clk
1:16:41]} 9. f4 {[%clk 1:17:17]} 9... Rb8 {[%clk 1:16:11]} 10. h3 { [%clk
1:16:41]} 10... a6 {[%clk 1:15:54]} 11. a4 {[%clk 1:16:53]} 11... Bd7 { [%clk
1:13:45]} 12. g4 {[%clk 1:16:04]} 12... f5 {[%clk 1:12:50]} 13. Ng3 { [%clk
1:15:43]} 13... Nd4 {[%clk 1:12:30]} 14. Be3 {[%clk 1:15:32]} 14... b5 { [%clk
1:09:52]} 15. Rb1 {[%clk 1:09:26]} 15... Qa5 {[%clk 1:07:04]} 16. axb5 16...
axb5 {[%clk 1:07:01]} 17. Nce2 {[%clk 1:06:07]} 17... Nxe2+ { [%clk 1:00:18]}
18. Nxe2 {[%clk 1:05:12]} 18... e5 {[%clk 0:51:46]} 19. g5 { [%clk 0:57:43]}
19... Be6 {[%clk 0:43:48]} 20. b3 {[%clk 0:52:36]} 20... Rfd8 { [%clk 0:41:08]}
21. Kh2 {[%clk 0:47:03]} 21... fxe4 {[%clk 0:35:34]} 22. Bxe4 { [%clk 0:42:57]}
22... bxc4 {[%clk 0:34:47]} 23. bxc4 {[%clk 0:42:16]} 23... d5 {[%clk 0:32:28]}
24. cxd5 24... Bxd5 {[%clk 0:31:44]} 25. Qc2 {[%clk 0:37:48]} 25... Bxe4 26.
dxe4 {[%clk 0:36:47]} 26... exf4 {[%clk 0:27:21]} 27. Bxf4 { [%clk 0:33:03]}
27... Rxb1 {[%clk 0:25:46]} 28. Rxb1 {[%clk 0:33:18]} 28... Nc6 {[%clk
0:24:20]} 29. Qc4+ {[%clk 0:31:42]} 29... Kh8 {[%clk 0:24:36]} 30. Rb5 { [%clk
0:31:08]} 30... Qe1 {[%clk 0:24:10]} 31. Kg2 {[%clk 0:30:15]} 31... Bd4 { [%clk
0:21:58]} 32. Bg3 {[%clk 0:28:49]} 32... Qd1 {[%clk 0:21:09]} 33. Nxd4 { [%clk
0:14:02]} 33... Rxd4 {[%clk 0:18:17]} 34. Qf1 {[%clk 0:13:11]} 1/2-1/2

[Event "DEM U12 2018"]
[Site "Willingen GER"]
[Date "2018.05.26"]
[Round "11"]
[White "Hecht, Jonas Christian"]
[Black "Lehmann, Nils"]
[Result "1-0"]
[Termination "normal"]
[Board "11"]
[WhiteElo "1678"]
[BlackElo "1558"]
[WhiteClock "00:59:09"]
[BlackClock "00:35:09"]
[PlyCount "59"]
[WhiteFideId "16214846"]
[BlackFideId "12982610"]
[EventCountry "GER"]
[EventRounds "11"]
[EventType "swiss"]
[EventDate "2018.05.19"]

1. d4 {[%clk 1:15:57]} 1... d5 {[%clk 1:15:52]} 2. Nf3 {[%clk 1:16:17]} 2...
Nf6 {[%clk 1:15:59]} 3. Bf4 {[%clk 1:16:17]} 3... e6 {[%clk 1:16:11]} 4. e3 {
[%clk 1:16:10]} 4... c5 {[%clk 1:16:08]} 5. c3 {[%clk 1:15:58]} 5... Nc6 {
[%clk 1:16:28]} 6. Nbd2 {[%clk 1:15:53]} 6... Be7 7. h3 {[%clk 1:14:58]} 7...
b6 {[%clk 1:10:51]} 8. Bb5 {[%clk 1:14:26]} 8... Bd7 {[%clk 1:09:25]} 9. Bd3 {
[%clk 1:10:51]} 9... O-O {[%clk 0:58:31]} 10. O-O {[%clk 1:10:23]} 10... Bc8 {
[%clk 0:53:41]} 11. Ne5 {[%clk 1:01:56]} 11... Nxe5 {[%clk 0:53:45]} 12. Bxe5 {
[%clk 1:01:25]} 12... Bd6 {[%clk 0:54:06]} 13. f4 {[%clk 1:01:35]} 13... Bxe5 {
[%clk 0:54:18]} 14. fxe5 {[%clk 1:00:42]} 14... Nd7 {[%clk 0:54:13]} 15. Qh5 {
[%clk 1:00:15]} 15... h6 {[%clk 0:54:28]} 16. h4 {[%clk 0:58:50]} 16... f6 {
[%clk 0:35:42]} 17. Qg6 {[%clk 0:57:43]} 17... Qc7 {[%clk 0:31:47]} 18. Qh7+ {
[%clk 0:57:13]} 18... Kf7 {[%clk 0:32:12]} 19. Bg6+ {[%clk 0:57:35]} 19... Ke7
{[%clk 0:32:37]} 20. exf6+ {[%clk 0:57:18]} 20... Rxf6 {[%clk 0:32:10]} 21.
Qxg7+ {[%clk 0:57:36]} 21... Kd8 {[%clk 0:32:36]} 22. Rxf6 {[%clk 0:57:40]}
22... Nxf6 {[%clk 0:32:39]} 23. Qxf6+ {[%clk 0:58:05]} 23... Kd7 { [%clk
0:33:23]} 24. Qg7+ {[%clk 0:58:37]} 24... Kc6 {[%clk 0:33:48]} 25. Qxc7+ {[%clk
0:58:53]} 25... Kb5 {[%clk 0:34:01]} 26. Be8+ {[%clk 0:58:25]} 26... Ka5 {[%clk
0:34:10]} 27. Nb3+ {[%clk 0:58:41]} 27... Ka6 {[%clk 0:34:35]} 28. a4 { [%clk
0:58:59]} 28... Bd7 {[%clk 0:34:53]} 29. Bxd7 {[%clk 0:59:01]} 29... cxd4
{[%clk 0:35:09]} 30. Bb5# {[%clk 0:59:09]} 1-0

[Event "DEM U12 2018"]
[Site "Willingen GER"]
[Date "2018.05.26"]
[Round "11"]
[White "Weidenhöfer, Max"]
[Black "Rössel, Gino"]
[Result "0-1"]
[Termination "normal"]
[Board "12"]
[WhiteElo "1709"]
[BlackElo "1822"]
[WhiteClock "00:29:14"]
[BlackClock "00:11:44"]
[PlyCount "68"]
[WhiteFideId "16230566"]
[BlackFideId "16203070"]
[EventCountry "GER"]
[EventRounds "11"]
[EventType "swiss"]
[EventDate "2018.05.19"]

1. e4 {[%clk 1:15:58]} 1... c5 {[%clk 1:15:53]} 2. Nf3 {[%clk 1:16:22]} 2... d6
{[%clk 1:16:02]} 3. d4 {[%clk 1:16:47]} 3... cxd4 {[%clk 1:16:27]} 4. Nxd4 {
[%clk 1:17:10]} 4... Nf6 {[%clk 1:16:51]} 5. Nc3 {[%clk 1:17:34]} 5... a6 {
[%clk 1:17:16]} 6. h3 {[%clk 1:17:50]} 6... e5 {[%clk 1:15:12]} 7. Nde2 { [%clk
1:18:13]} 7... h5 {[%clk 1:09:57]} 8. Bg5 {[%clk 1:18:26]} 8... Be7 { [%clk
1:04:48]} 9. Bxf6 {[%clk 1:18:44]} 9... Bxf6 {[%clk 1:04:24]} 10. Nd5 { [%clk
1:18:49]} 10... Bg5 {[%clk 0:44:23]} 11. Nec3 {[%clk 1:12:12]} 11... Be6 {[%clk
0:42:15]} 12. Be2 {[%clk 1:09:17]} 12... g6 {[%clk 0:39:12]} 13. O-O { [%clk
1:08:11]} 13... Nc6 {[%clk 0:33:50]} 14. f4 {[%clk 0:49:08]} 14... exf4 { [%clk
0:29:55]} 15. Nxf4 {[%clk 0:48:28]} 15... Qb6+ {[%clk 0:28:19]} 16. Kh1 { [%clk
0:48:08]} 16... Bxf4 {[%clk 0:28:16]} 17. Rxf4 {[%clk 0:46:48]} 17... Qxb2
{[%clk 0:27:04]} 18. Na4 {[%clk 0:40:49]} 18... Qe5 {[%clk 0:24:42]} 19. Rh4
{[%clk 0:35:01]} 19... Nd4 {[%clk 0:18:59]} 20. Bd3 {[%clk 0:32:44]} 20... b5
{[%clk 0:14:54]} 21. Nc3 {[%clk 0:30:52]} 21... Qg3 {[%clk 0:14:27]} 22. Qe1
{[%clk 0:30:39]} 22... Qxe1+ {[%clk 0:14:47]} 23. Rxe1 {[%clk 0:30:59]} 23...
g5 {[%clk 0:14:48]} 24. Nd5 {[%clk 0:29:53]} 24... gxh4 {[%clk 0:14:49]} 25.
Nc7+ {[%clk 0:30:03]} 25... Kd7 {[%clk 0:14:55]} 26. Nxa8 {[%clk 0:30:26]}
26... Rxa8 {[%clk 0:15:20]} 27. e5 {[%clk 0:29:46]} 27... Bf5 {[%clk 0:13:00]}
28. exd6 {[%clk 0:29:05]} 28... Bxd3 {[%clk 0:11:51]} 29. cxd3 {[%clk 0:29:26]}
29... Kxd6 {[%clk 0:11:14]} 30. Re4 {[%clk 0:28:51]} 30... Nf5 {[%clk 0:11:18]}
31. Rf4 {[%clk 0:29:01]} 31... Ke5 {[%clk 0:11:16]} 32. Re4+ {[%clk 0:29:23]}
32... Kf6 {[%clk 0:11:36]} 33. Rf4 {[%clk 0:29:45]} 33... Kg5 {[%clk 0:11:33]}
34. Rf2 {[%clk 0:29:14]} 34... Re8 {[%clk 0:11:44]} 0-1

[Event "DEM U12 2018"]
[Site "Willingen GER"]
[Date "2018.05.26"]
[Round "11"]
[White "Halabi, Ibrahim"]
[Black "Gluma, Christian"]
[Result "1-0"]
[Termination "normal"]
[Board "13"]
[WhiteElo "1701"]
[BlackElo "1601"]
[PlyCount "55"]
[WhiteFideId "16241754"]
[BlackFideId "16223209"]
[EventCountry "GER"]
[EventRounds "11"]
[EventType "swiss"]
[EventDate "2018.05.19"]

1. e4 e6 2. d4 d5 3. e5 c5 4. c3 Nc6 5. Nf3 Qb6 6. Be2 Bd7 7. O-O Nh6 8. Bxh6
Qxb2 9. Be3 Qxa1 10. Qc2 cxd4 11. Nxd4 Rc8 12. Nxc6 Rxc6 13. Bb5 Rc7 14. Bxd7+
Kxd7 15. Bd4 Bc5 16. Nd2 Qxf1+ 17. Kxf1 b5 18. Qd3 a6 19. Nb3 Bxd4 20. cxd4 Kc6
21. Nc5 Kb6 22. a4 g6 23. Qa3 a5 24. axb5 Ra8 25. Na4+ Kxb5 26. Qb3+ Kc6 27.
Qb6+ Kd7 28. Qd6+ 1-0

[Event "DEM U12 2018"]
[Site "Willingen GER"]
[Date "2018.05.26"]
[Round "11"]
[White "Amato, Cristiano"]
[Black "Bui, Bao Anh Le"]
[Result "0-1"]
[Termination "normal"]
[Board "14"]
[WhiteElo "1681"]
[BlackElo "1974"]
[PlyCount "66"]
[WhiteFideId "12998460"]
[BlackFideId "12970719"]
[EventCountry "GER"]
[EventRounds "11"]
[EventType "swiss"]
[EventDate "2018.05.19"]

1. e4 c5 2. Nc3 Nc6 3. Bb5 g6 4. Bxc6 bxc6 5. d3 Bg7 6. Be3 Qa5 7. Nge2 Nf6 8.
Qd2 O-O 9. Bh6 d5 10. Bxg7 Kxg7 11. O-O Rb8 12. b3 e5 13. Rfd1 Ba6 14. Ng3 h6
15. Na4 Qxd2 16. Rxd2 Nd7 17. exd5 cxd5 18. c4 d4 19. Rf1 f5 20. Re2 g5 21. f3
Bb7 22. Rfe1 Bc6 23. Nb2 Rbe8 24. Nd1 Kg6 25. Nf2 Re7 26. Nh3 Rfe8 27. f4 e4
28. fxg5 hxg5 29. Nf2 Nf6 30. h3 e3 31. Nd1 f4 32. Nf1 f3 33. gxf3 Bxf3 0-1

[Event "DEM U12 2018"]
[Site "Willingen GER"]
[Date "2018.05.26"]
[Round "11"]
[White "Duduka, Artem"]
[Black "Bakiev, Diyor"]
[Result "0-1"]
[Termination "normal"]
[Board "15"]
[WhiteElo "1598"]
[BlackElo "1752"]
[PlyCount "116"]
[WhiteFideId "14194805"]
[BlackFideId "16241584"]
[EventCountry "GER"]
[EventRounds "11"]
[EventType "swiss"]
[EventDate "2018.05.19"]

1. e4 e5 2. Nf3 Nc6 3. d4 exd4 4. Nxd4 Bc5 5. Be3 Qf6 6. c3 Nge7 7. Nc2 Bb6 8.
Bxb6 axb6 9. Ne3 d6 10. Nd2 O-O 11. Bc4 Ne5 12. O-O Nxc4 13. Ndxc4 Qg6 14. f3
Kh8 15. Kh1 Qh6 16. Nc2 f5 17. exf5 Nxf5 18. Kg1 Be6 19. Nd2 Rf6 20. Ne4 Rg6
21. Qd2 Qh5 22. Nd4 {(=)} Nxd4 23. Qxd4 Rh6 24. h3 Bxh3 25. gxh3 Qxh3 26. Kf2
Qh2+ 27. Ke3 Rf8 28. Rf2 Qf4+ 29. Ke2 Rh2 30. Qe3 Rxf2+ 31. Nxf2 Qf7 32. Kd2
Re8 33. Qd3 Qf4+ 34. Kc2 Re3 35. Qd2 Qf5+ 36. Nd3 Rxf3 37. Re1 h5 38. Qe2 c5
39. Rh1 Qf7 40. Qh2 Rf5 41. Qxd6 Qxa2 42. Qc7 Qa4+ 43. Kb1 Qe4 44. Qd8+ Kh7 45.
Re1 Qg4 46. Qxb6 c4 47. Ne5 Qg3 48. Qe3 {(=)} Qxe3 49. Rxe3 g5 50. Nxc4 h4 51.
Re5 Rxe5 52. Nxe5 h3 53. Ng4 Kg6 54. Kc2 Kf5 55. Nh2 g4 56. Nf1 Kf4 57. Kd2 g3
58. Ke2 h2 0-1

[Event "DEM U12 2018"]
[Site "Willingen GER"]
[Date "2018.05.26"]
[Round "11"]
[White "Kort, Felix"]
[Black "Hoke, Adrian Neo"]
[Result "1-0"]
[Termination "normal"]
[Board "16"]
[WhiteElo "1672"]
[BlackElo "1628"]
[PlyCount "73"]
[WhiteFideId "16220129"]
[BlackFideId "16218264"]
[EventCountry "GER"]
[EventRounds "11"]
[EventType "swiss"]
[EventDate "2018.05.19"]

1. d4 d5 2. c4 e6 3. Nc3 Nf6 4. cxd5 exd5 5. Bg5 Be7 6. e3 Nbd7 7. Qc2 c6 8.
Bd3 O-O 9. Nge2 Re8 10. O-O Nf8 11. f3 Be6 12. e4 dxe4 13. fxe4 h6 14. Be3 Qc7
15. Bf4 Qd8 16. e5 Nd5 17. Nxd5 Bxd5 18. Be3 Rc8 19. Ng3 Ne6 20. Bh7+ Kh8 21.
Bd3 Kg8 22. Nf5 Bf8 23. Qf2 Rc7 24. Qg3 Kh8 25. Nh4 c5 26. Rxf7 Rxf7 27. Qg6
Be4 28. Bxe4 Ng5 29. Bxg5 Qxd4+ 30. Kh1 Qxe4 31. Qxe4 hxg5 32. Ng6+ Kg8 33. Qd5
Rc8 34. Rf1 Rcc7 35. Nxf8 b6 36. g3 g4 37. Rxf7 1-0

[Event "DEM U12 2018"]
[Site "Willingen GER"]
[Date "2018.05.26"]
[Round "11"]
[White "Hoffmann, Kay"]
[Black "Lutz, Adam"]
[Result "0-1"]
[Termination "normal"]
[Board "18"]
[WhiteElo "1247"]
[BlackElo "1761"]
[PlyCount "54"]
[WhiteFideId "16227000"]
[BlackFideId "16226615"]
[EventCountry "GER"]
[EventRounds "11"]
[EventType "swiss"]
[EventDate "2018.05.19"]

1. f4 d5 2. Nf3 Bg4 3. e3 e6 4. h3 Bxf3 5. Qxf3 Be7 6. b3 Nf6 7. Bb2 Ne4 8. g3
Nxg3 9. Rg1 Nxf1 10. Qxf1 Bh4+ 11. Kd1 Bf6 12. d4 c6 13. Nd2 Nd7 14. Nf3 Rc8
15. Ne5 a6 16. Ba3 c5 17. Nxd7 Qxd7 18. Bxc5 Rxc5 19. Rc1 Rc3 20. Qe1 Qc7 21.
Rg2 O-O 22. Rd2 Rc8 23. Qe2 Qa5 24. a4 Be7 25. Ra1 Qc7 26. Qf2 Bb4 27. Qe2 Rc6
0-1

[Event "DEM U12 2018"]
[Site "Willingen GER"]
[Date "2018.05.26"]
[Round "11"]
[White "Langer, Paul Georg"]
[Black "Hänselmann, Hendrik"]
[Result "0-1"]
[Termination "normal"]
[Board "19"]
[WhiteElo "1300"]
[BlackElo "1713"]
[PlyCount "64"]
[WhiteFideId "16230051"]
[BlackFideId "16232755"]
[EventCountry "GER"]
[EventRounds "11"]
[EventType "swiss"]
[EventDate "2018.05.19"]

1. e4 c6 2. d4 d5 3. exd5 cxd5 4. Bd3 Nc6 5. c3 Nf6 6. Bf4 g6 7. Nf3 Bg7 8. O-O
O-O 9. Qe2 Bf5 10. Bxf5 gxf5 11. Na3 Ne4 12. Nd2 e6 13. Nxe4 fxe4 14. Qg4 Kh8
15. Kh1 Rg8 16. Qh5 Qf6 17. Bg5 Qf5 18. Qh4 Bxd4 19. cxd4 Qxg5 20. Qxg5 Rxg5
21. Rad1 Nb4 22. Rc1 Nc6 23. Nb5 Rg7 24. Nd6 f5 25. Rfd1 Nb4 26. a3 Nd3 27. Rc2
a6 28. Kg1 Rd8 29. Nc8 Nxb2 30. Rb1 Nc4 31. Rxc4 dxc4 32. Nb6 Rxd4 0-1

[Event "DEM U12 2018"]
[Site "Willingen GER"]
[Date "2018.05.26"]
[Round "11"]
[White "Pikalow, Michael"]
[Black "Tovmasyan, Minas"]
[Result "1/2-1/2"]
[Termination "normal"]
[Board "20"]
[WhiteElo "1540"]
[BlackElo "1480"]
[PlyCount "62"]
[WhiteFideId "16227638"]
[BlackFideId "16247620"]
[EventCountry "GER"]
[EventRounds "11"]
[EventType "swiss"]
[EventDate "2018.05.19"]

1. e4 c5 2. Nf3 e6 3. d4 cxd4 4. Nxd4 a6 5. Nc3 Qc7 6. g3 b5 7. Bg2 Bb7 8. O-O
Nf6 9. Re1 d6 10. a3 Be7 11. Be3 O-O 12. f4 Nbd7 13. g4 Nb6 14. g5 Nfd7 15. Qh5
g6 16. Qh6 Rfc8 17. Rf1 Bf8 18. Qh3 Nc4 19. Nxe6 fxe6 20. Qxe6+ Kh8 21. Bd4+
Bg7 22. Bxg7+ Kxg7 23. Bh3 Nf8 24. Qf6+ Kg8 25. Bxc8 Rxc8 26. Rae1 Qg7 27.
Qxg7+ Kxg7 28. Nd5 Bxd5 29. exd5 Kf7 30. f5 gxf5 31. Rxf5+ Kg6 1/2-1/2

[Event "DEM U12 2018"]
[Site "Willingen GER"]
[Date "2018.05.26"]
[Round "11"]
[White "Morczynski, Joachim"]
[Black "Mimkes, Antal"]
[Result "1-0"]
[Termination "normal"]
[Board "21"]
[WhiteElo "1665"]
[BlackElo "1559"]
[PlyCount "45"]
[WhiteFideId "16209745"]
[BlackFideId "16265963"]
[EventCountry "GER"]
[EventRounds "11"]
[EventType "swiss"]
[EventDate "2018.05.19"]

1. e4 d5 2. exd5 c6 3. dxc6 Nxc6 4. Nc3 e5 5. Bb5 Nf6 6. Nf3 Bd6 7. Bxc6+ bxc6
8. d4 exd4 9. Nxd4 Ba6 10. Nf5 Nd5 11. Nxd5 cxd5 12. Nxg7+ Kf8 13. Nf5 Qa5+ 14.
c3 Re8+ 15. Be3 Bf4 16. Qg4 Be5 17. O-O-O Rc8 18. Bd4 Rc4 19. Qg5 Qc7 20. Bxe5
Qxe5 21. Qd8+ Qe8 22. Qd6+ Kg8 23. Qg3+ 1-0